| Tag |
First Indicator |
Second Indicator |
Subfields |
| LEADER |
00000cam a2200000 i 4500 |
| 001 |
in00000049207 |
| 005 |
20151007065718.0 |
| 008 |
790531s1979 maua b 00110 eng |
| 010 |
|
|
|a 78073830
|
| 035 |
|
|
|a (OCoLC)05102945
|
| 035 |
|
|
|9 AAE2528AM
|
| 040 |
|
|
|a DLC
|c DLC
|d OCL
|d TXA
|d UtOrBLW
|
| 049 |
|
|
|a TXAM
|c [981354]
|
| 050 |
0 |
0 |
|a GN740
|b .F34
|
| 082 |
0 |
|
|a 930/.1
|
| 100 |
1 |
|
|a Fagan, Brian M.
|
| 245 |
1 |
0 |
|a World prehistory :
|b a brief introduction /
|c Brian M. Fagan.
|
| 264 |
|
1 |
|a Boston :
|b Little, Brown,
|c [1979]
|
| 264 |
|
4 |
|c ©1979
|
| 300 |
|
|
|a xvi, 208 pages :
|b illustrations ;
|c 21 cm.
|
| 336 |
|
|
|a text
|b txt
|2 rdacontent
|
| 337 |
|
|
|a unmediated
|b n
|2 rdamedia
|
| 338 |
|
|
|a volume
|b nc
|2 rdacarrier
|
| 500 |
|
|
|a Includes index.
|
| 504 |
|
|
|a Bibliography: pages 195-199.
|
| 650 |
|
0 |
|a Prehistoric peoples.
|
| 650 |
|
0 |
|a Anthropology, Prehistoric.
|
| 999 |
|
|
|a MARS
|
| 999 |
f |
f |
|s 64218cbe-a9e0-34f1-b8f8-ecd758c101bd
|i 96a2f525-9a96-3a36-9988-a2042451c6a4
|t 0
|
| 952 |
f |
f |
|p normal
|a Texas A&M University
|b College Station
|c Sterling C. Evans Library
|d Evans: Library Stacks
|t 0
|e GN740 .F34
|h Library of Congress classification
|i unmediated -- volume
|m A14802435567
|
| 998 |
f |
f |
|a GN740 .F34
|t 0
|l Evans: Library Stacks
|